[Event "Pan American-ch School U13 12th"]
[Site "Callao"]
[Date "2023.10.21"]
[Round "9"]
[White "Delgado Alarcon, Julian Rafael"]
[Black "Vasquez Navez, Mark Lenin"]
[Result "0-1"]
[WhiteElo "1193"]
[BlackElo "1352"]
[PlyCount "73"]
[EventDate "2023.10.16"]
[EventType "swiss"]
[EventRounds "9"]
[EventCountry "PER"]
[SourceTitle "Mega2024 Update 01"]
[Source "Chessbase"]
[SourceDate "2023.11.12"]
[SourceVersion "1"]
[SourceVersionDate "2023.11.12"]
[SourceQuality "1"]

1. Nf3 d5 2. d4 Nf6 3. Bf4 e6 4. e3 c5 5. c4 cxd4 6. exd4 Nc6 7. Nc3 a6 8. Bd3 Be7 9. 0-0 0-0 10. cxd5 Nxd5 11. Nxd5 Qxd5 12. Re1 Rd8 13. Be4 Qa5 14. Bxc6 bxc6 15. Ne5 Bd7 16. Qh5 Be8 17. Qf3 Qd5 18. Be3 c5 19. Red1 Bf6 20. Qh5 cxd4 21. Bxd4 g6 22. Qe2 Bb5 23. Qe3 Rac8 24. h3 Rc2 25. Nxg6 Bg5 26. Qe5 Qxe5 27. Nxe5 Be2 28. Bb6 Rxd1+ 29. Rxd1 Bxd1 30. Bd4 Bf6 31. a3 Re2 32. f4 Bb3 33. Bc3 Bd5 34. Nf3 Bxc3 35. bxc3 Bxf3 36. gxf3 Re3 37. Kf1 0-1

[Event "Pan American-ch School U13 12th"]
[Site "Callao"]
[Date "2023.10.19"]
[Round "7"]
[White "Villaverde Salas, Gonzalo Matias"]
[Black "Vasquez Navez, Mark Lenin"]
[Result "1-0"]
[WhiteElo "1281"]
[BlackElo "1352"]
[PlyCount "77"]
[EventDate "2023.10.16"]
[EventType "swiss"]
[EventRounds "9"]
[EventCountry "PER"]
[SourceTitle "Mega2024 Update 01"]
[Source "Chessbase"]
[SourceDate "2023.11.12"]
[SourceVersion "1"]
[SourceVersionDate "2023.11.12"]
[SourceQuality "1"]

1. e4 c5 2. d4 cxd4 3. Nf3 e5 4. c3 dxc3 5. Nxc3 d6 6. Bc4 Be7 7. Qb3 Nc6 8. Bxf7+ Kf8 9. Bxg8 Rxg8 10. Nd5 Be6 11. 0-0 Rb8 12. Qd3 g5 13. Nxe7 Qxe7 14. Qd2 Bg4 15. Nxg5 Nd4 16. f4 Ke8 17. h3 Ne2+ 18. Kh2 Nxf4 19. Rxf4 exf4 20. Qxf4 h6 21. Qxg4 hxg5 22. Bd2 Qe5+ 23. Kh1 Rg6 24. Rf1 Qe6 25. Qf3 Ke7 26. Bc3 Rd8 27. e5 d5 28. Bb4+ Kd7 29. Bd6 g4 30. Qb3 Rh8 31. Qxb7+ Kd8 32. Qc7+ Ke8 33. Qb8+ Kd7 34. Qxh8 gxh3 35. Qh7+ Kc6 36. Qc7+ Kb5 37. Qc5+ Ka6 38. Qc6+ Ka5 39. b4# 1-0